| 000 | 01220naa a22003617a 4500 | ||
|---|---|---|---|
| 001 | BR0104297 | ||
| 003 | BR-BrBNA | ||
| 005 | 20240918181924.0 | ||
| 007 | ta | ||
| 008 | 230509b bl.||||| |||| 00| 0 por d | ||
| 040 |
_aBR-BrBNA _bpor _cBiblioteca Nacional de Agricultura |
||
| 041 | _a(Pt) | ||
| 072 | _aK10 | ||
| 090 | _aK10 BR0104297 | ||
| 100 | 1 | _aUhl, C. | |
| 100 | 1 | _aBarreto, P. | |
| 100 | 1 | _aVerissimo, A. | |
| 100 | 1 | _aBarros, A.C. | |
| 100 | 1 | _aAmaral, P. | |
| 100 | 1 | _aVidal, E. | |
| 100 | 1 | _aSouza Junior, C. | |
| 245 | 1 | _aUma abordagem integrada de pesquisa sobre o manejo dos recursos florestais na Amazonia brasileira | |
| 260 | 3 |
_aManaus, AM (Brasil): _c1998. |
|
| 500 | _aGascon, G.; Moutinho, P.(eds.) Floresta Amazonica: dinamica, regeneracao e manejo Manaus, AM (Brasil): 1998. p. 313-331 (BR0104297-AM)K10 | ||
| 650 | _aAmazonia | ||
| 650 | _aRecurso Florestal | ||
| 650 | _aManejo | ||
| 650 | _aControle Integrado | ||
| 650 | _aExploracao Florestal | ||
| 773 | 0 |
_tFloresta Amazonica: dinamica, regeneracao e manejo _aGascon, G.; Moutinho, P.(eds.) _wK10 BR0104297 _gManaus, AM (Brasil), 1998. p. 313-331 |
|
| 909 |
_a202404 _bLucia _c55 _dLucia Elande |
||
| 942 |
_cAM _2AGRIS |
||
| 999 |
_c327523 _d327523 |
||